Normal view
MARC view
- Stability of airplanes, Longitudinal
Entry Topical Term
001 - CONTROL NUMBER
- control field: 111264
003 - CONTROL NUMBER IDENTIFIER
- control field: NUST
005 - DATE AND TIME OF LATEST TRANSACTION
- control field: 20230324091311.0
008 - FIXED-LENGTH DATA ELEMENTS
- fixed length control field: 230324|| aca||aabn | a|a d
040 ## - CATALOGING SOURCE
- Original cataloging agency: NUST
- Transcribing agency: NUST
150 ## - HEADING--TOPICAL TERM
- Topical term or geographic name entry element: Stability of airplanes, Longitudinal
670 ## - SOURCE DATA FOUND
- Source citation: Work cat.: (NUST)0: Mooij, H. A. 111263, Criteria for low-speed longitudinal handling qualities of transport aircraft with closed-loop flight control systems /, 1985.
